<?xml version="1.0" encoding="UTF-8"?><?xml-stylesheet type="text/xsl" href="static/style.xsl"?><OAI-PMH xmlns="http://www.openarchives.org/OAI/2.0/" xmlns:xsi="http://www.w3.org/2001/XMLSchema-instance" xsi:schemaLocation="http://www.openarchives.org/OAI/2.0/ http://www.openarchives.org/OAI/2.0/OAI-PMH.xsd"><responseDate>2026-04-17T03:09:28Z</responseDate><request verb="GetRecord" identifier="oai:www.recercat.cat:2117/381162" metadataPrefix="marc">https://recercat.cat/oai/request</request><GetRecord><record><header><identifier>oai:recercat.cat:2117/381162</identifier><datestamp>2026-01-20T07:03:03Z</datestamp><setSpec>com_2072_1033</setSpec><setSpec>col_2072_452951</setSpec></header><metadata><record xmlns="http://www.loc.gov/MARC21/slim" xmlns:dcterms="http://purl.org/dc/terms/" xmlns:xsi="http://www.w3.org/2001/XMLSchema-instance" xmlns:doc="http://www.lyncode.com/xoai" xsi:schemaLocation="http://www.loc.gov/MARC21/slim http://www.loc.gov/standards/marcxml/schema/MARC21slim.xsd">
   <leader>00925njm 22002777a 4500</leader>
   <datafield ind2=" " ind1=" " tag="042">
      <subfield code="a">dc</subfield>
   </datafield>
   <datafield ind2=" " ind1=" " tag="720">
      <subfield code="a">Fornell Malé, M. Àngels</subfield>
      <subfield code="e">author</subfield>
   </datafield>
   <datafield ind2=" " ind1=" " tag="260">
      <subfield code="c">2007-10-01</subfield>
   </datafield>
   <datafield ind2=" " ind1=" " tag="520">
      <subfield code="a">Aquesta memòria té per objecte, descriure les obres necessàries per tal de dur a terme la urbanització d’un sector residencial a la població de Santa Eulàlia de Riuprimer (Vic). L’àmbit d’estudi té una superfície de 29.187,96 m2 i es troba delimitat al nord per la carretera BV-4316 que uneix Santa Eulàlia de Riuprimer amb la ciutat de Vic, i el Sud per la riera Mèder.&#xd;
L’àmbit d’estudi té una superfície de 29.187,96 m 2 i es troba delimitat al nord per la carretera BV-4316 que uneix Santa Eulàlia de Riuprimer amb la ciutat de Vic, i el Sud per la riera Mèder.&#xd;
La zona ha estudiar està situada en el costat Est de la població i presenta una topografia amb una pendent cap al Sud- Est. En el moment actual, l’àmbit on es vol executar la nova zona residencial, està format per camps de conreu, en el qual l’única edificació existent dins de l’àmbit d’actuació és un cobert.</subfield>
   </datafield>
   <datafield tag="653" ind2=" " ind1=" ">
      <subfield code="a">Àrees temàtiques de la UPC::Urbanisme::Projecte urbà</subfield>
   </datafield>
   <datafield tag="653" ind2=" " ind1=" ">
      <subfield code="a">Municipal engineering</subfield>
   </datafield>
   <datafield tag="653" ind2=" " ind1=" ">
      <subfield code="a">Enginyeria urbana</subfield>
   </datafield>
   <datafield ind2="0" ind1="0" tag="245">
      <subfield code="a">Urbanització a Santa Eulàlia de Riuprimer</subfield>
   </datafield>
</record></metadata></record></GetRecord></OAI-PMH>